MARC details
| 000 -LEADER |
| campo de control de longitud fija |
01368cam a2200313 i 4500 |
| 001 - NÚMERO DE CONTROL |
| campo de control |
111932 |
| 005 - FECHA Y HORA DE LA ÚLTIMA TRANSACCIÓN |
| campo de control |
20230410123921.0 |
| 008 - DATOS DE LONGITUD FIJA--INFORMACIÓN GENERAL |
| campo de control de longitud fija |
130807b2009 mx a 000 0 spa |
| 020 ## - NÚMERO INTERNACIONAL ESTÁNDAR DEL LIBRO |
| Número Internacional Estándar del Libro |
9786070204142 |
| 020 ## - NÚMERO INTERNACIONAL ESTÁNDAR DEL LIBRO |
| Número Internacional Estándar del Libro |
607020414X |
| 041 0# - CÓDIGO DE IDIOMA |
| Código de lengua del texto/banda sonora o título independiente |
spa |
| 050 14 - SIGNATURA TOPOGRÁFICA DE LA BIBLIOTECA DEL CONGRESO |
| Número de clasificación |
LA 427 |
| Número de ítem |
A924 2009 |
| 082 00 - NÚMERO DE LA CLASIFICACIÓN DECIMAL DEWEY |
| Número de clasificación |
378.7253 |
| 245 14 - MENCIÓN DEL TÍTULO |
| Título |
Del aula a la ciudad : |
| Resto del título |
estudios sobre la universidad y la sociedad en el México virreinal / |
| Mención de responsabilidad, etc. |
Enrique González González, Mónica Hidalgo Pego, Adriana Álvarez Sánchez, coordinadores. |
| 260 ## - PUBLICACIÓN, DISTRIBUCIÓN, ETC. |
| Lugar de publicación, distribución, etc. |
México, D.F. : |
| Nombre del editor, distribuidor, etc. |
Universidad Nacional Autónoma de México, |
| -- |
Instituto de Investigaciones sobre la Universidad y la Educación, |
| Fecha de publicación, distribución, etc. |
2009. |
| 300 ## - DESCRIPCIÓN FÍSICA |
| Extensión |
453 p. : |
| Otras características físicas |
il. ; |
| Dimensiones |
23 cm. |
| 440 #0 - MENCIÓN DE SERIE/PUNTO DE ACCESO ADICIONAL--TÍTULO |
| Título |
Real Universidad de México, estudios y textos ; |
| Designación de volumen o secuencia |
24. |
| 504 ## - NOTA DE BIBLIOGRAFÍA, ETC. |
| Nota de bibliografía, etc. |
Incluye referencias bibliográficas e índices |
| 650 #0 - PUNTO DE ACCESO ADICIONAL DE MATERIA--TÉRMINO DE MATERIA |
| Término de materia o nombre geográfico como elemento de entrada |
Education, Higher Mexico |
| Subdivisión general |
History. |
| 610 10 - PUNTO DE ACCESO ADICIONAL DE MATERIA--NOMBRE DE ENTIDAD CORPORATIVA |
| Nombre de entidad corporativa o nombre de jurisdicción como elemento de entrada |
Universities and colleges |
| Subdivisión geográfica |
Mexico |
| Subdivisión general |
History. |
| 610 10 - PUNTO DE ACCESO ADICIONAL DE MATERIA--NOMBRE DE ENTIDAD CORPORATIVA |
| Nombre de entidad corporativa o nombre de jurisdicción como elemento de entrada |
Universidad Nacional Autónoma de México |
| Subdivisión general |
History. |
| 650 #0 - PUNTO DE ACCESO ADICIONAL DE MATERIA--TÉRMINO DE MATERIA |
| Término de materia o nombre geográfico como elemento de entrada |
Universities |
| Subdivisión general |
Higher education |
| Subdivisión geográfica |
Mexico |
| Subdivisión general |
Colonial period. |
| 610 14 - PUNTO DE ACCESO ADICIONAL DE MATERIA--NOMBRE DE ENTIDAD CORPORATIVA |
| Nombre de entidad corporativa o nombre de jurisdicción como elemento de entrada |
Universidad Nacional Autónoma de México |
| Subdivisión general |
Historia. |
| 650 #4 - PUNTO DE ACCESO ADICIONAL DE MATERIA--TÉRMINO DE MATERIA |
| Término de materia o nombre geográfico como elemento de entrada |
Ciudades universitarias. |
| 700 1# - ENTRADA AGREGADA--NOMBRE PERSONAL |
| Nombre de persona |
González y González, Enrique |
| Fechas asociadas al nombre |
1951-, |
| Término indicativo de función/relación |
coord. |
| 700 1# - ENTRADA AGREGADA--NOMBRE PERSONAL |
| Nombre de persona |
Hidalgo Pego, Mónica, |
| Término indicativo de función/relación |
coord. |
| 700 1# - ENTRADA AGREGADA--NOMBRE PERSONAL |
| Nombre de persona |
Álvarez Sánchez, Adriana, |
| Término indicativo de función/relación |
coord. |
| 942 ## - ELEMENTOS DE ENTRADA SECUNDARIOS (KOHA) |
| Fuente del sistema de clasificación o colocación |
Clasificación de Library of Congress |
| Tipo de ítem Koha |
|